01038cam a22002651 4500001001300000003000400013005001700017008004100034010001700075035001900092040003700111041001300148042001200161050003100173100002900204245012000233260007100353300007200424490009900496500003600595504005900631650003000690650003500720999001700755gs 36000301 DLC20260227111341.0810112s1936 sw ab b 000 0 swe c ags 36000301  a(OCoLC)7056843 aU.S. Geological SurveycNICdDLC0 aswebeng apremarc00aQE282b.A3 ser. Ca, no. 241 aGeijer, Per,d1886-1976.00aNorbergs berggrund och malmfyndigheter,cav Per Geijer med 6 tavlor. Summary: Geology and ore deposits of Norberg. aStockholm.bKungl. boktryckeriet, P. A. Norstedt & söner,c1936. a162 p.billus., 6 fold. maps (part col., in pocket) diagrs.c31 cm.0 a[Sweden] Sveriges geologiska undersökning. Ser. Ca. Avhandlingar och uppsatser i 4:ovno. 24 aSummary in English: p. 152-158. a"Förteckning över citerad litteratur": p. 160-162. 0aGeologyzSwedenzNorberg. 0aOre depositszSwedenzNorberg. c27294d27294